Internationales kunst-adressbuch 1958/59 (Record no. 7930)

MARC details
000 -CABECERA
campo de control de longitud fija 00882nam a2200241 a 4500
001 - NÚMERO DE CONTROL
campo de control BRCA_8262
005 - FECHA Y HORA DE LA ÚLTIMA TRANSACCIÓN
campo de control 20190320210212.0
008 - DATOS DE LONGITUD FIJA--INFORMACIÓN GENERAL
campo de control de longitud fija 050614s1959----gw-a###f##---#001-0#ger-#
041 ## - CÓDIGO DE LENGUA
Código de lengua del texto/banda sonora o título independiente ger
044 ## - CÓDIGO DEL PAÍS DE LA ENTIDAD EDITORA/PRODUCTORA
Código MARC del país gw
050 #4 - SIGNATURA TOPOGRÁFICA DE LA BIBLIOTECA DEL CONGRESO
Número de clasificación N50
Número de documento/Ítem .I5 1959
245 10 - MENCIÓN DE TÍTULO
Título Internationales kunst-adressbuch 1958/59
Resto del título vereignit mit deutsches kunst-adressbuch
Mención de responsabilidad, etc. founded by Walker Kaupert ; editor Helmut Rauschenbusch.
260 ## - PUBLICACIÓN, DISTRIBUCIÓN, ETC.
Lugar de publicación, distribución, etc. Alemania
Nombre del editor, distribuidor, etc. Kaupert, Zentraldruckerei AG
Fecha de publicación, distribución, etc. 1959
300 ## - DESCRIPCIÓN FÍSICA
Extensión 991 p.
Otras características físicas il.
Dimensiones 25 cm.
500 ## - NOTA GENERAL
Nota general S17
546 ## - NOTA DE LENGUA/LENGUAJE
Nota de lengua/lenguaje Texto en: alemán, inglés, francés y español
650 14 - PUNTO DE ACCESO ADICIONAL DE MATERIA--TÉRMINO DE MATERIA
Término de materia o nombre geográfico como elemento de entrada Obras de arte
Subdivisión de forma Directorios
Subdivisión cronológica 1958-1959
9 (RLIN) 20630
700 1# - PUNTO DE ACCESO ADICIONAL--NOMBRE DE PERSONA
Nombre de persona Kaupert, Walker
9 (RLIN) 20631
700 1# - PUNTO DE ACCESO ADICIONAL--NOMBRE DE PERSONA
Nombre de persona Rauschenbusch, Helmut
Término indicativo de función/relación ed.
9 (RLIN) 20632
740 0# - PUNTO DE ACCESO ADICIONAL--TÍTULO RELACIONADO O ANALÍTICO NO CONTROLADO
Título relacionado o analítico no controlado International Directory of Arts = Annuaire international des Beaux-arts = Anuario internacional de las artes
902 ## - CATALOGADOR
Iniciales GFM
942 ## - ELEMENTOS DE PUNTO DE ACCESO ADICIONAL (KOHA)
Fuente del sistema de clasificación o colocación Library of Congress Classification
Tipo de ítem Koha Libros
Holdings
Estado de retiro Estado de pérdida Estado dañado No para préstamo Localización permanente Ubicación/localización actual Fecha de adquisición Número de inventario Total de préstamos Signatura topográfica completa Código de barras Fecha visto por última vez Precio válido a partir de Tipo de ítem Koha
El ejemplar forma parte de la colección y puede ser consultado según las políticas vigentes.       Biblioteca del Museo Franz Mayer (Rogerio Casas-Alatriste) Biblioteca del Museo Franz Mayer (Rogerio Casas-Alatriste) 05/06/2014 S17   N50 .I5 1959 (S17) 8886 22/03/2019 22/03/2019 Libros